000 00368nam a2200157Ia 4500
003 OSt
005 20240318124721.0
008 170524s9999 xx 000 0 und d
020 _a8187317779
040 _cIIMT UNIVERSITY
100 _aRathi - Manish
245 0 _aHotel Tourism & Hospitality Management
260 _bRajat Pub.
260 _c2000
942 _2ddc
_c02
999 _c6755
_d6755